[Event "Oberliga Ost B 2016 2017"]
[Site "Germany"]
[Date "2017.02.18"]
[Round "6.4"]
[White "Seifert, Christopher"]
[Black "Duncker, Joachim"]
[Result "1-0"]
[WhiteElo "2294"]
[BlackElo "2269"]
[PlyCount "133"]
[EventDate "2016.10.16"]
[EventType "team-tourn"]
[EventCountry "GER"]
[WhiteTeam "Neuberg SF"]
[BlackTeam "Marburg SK"]
[WhiteTeamCountry "GER"]
[BlackTeamCountry "GER"]

1. c4 Nf6 2. Nc3 g6 3. e4 d6 4. g3 Bg7 5. Bg2 O-O 6. Nge2 Nc6 7. O-O a6 8. d4
Rb8 9. h3 Bd7 10. a4 Na5 11. b3 c5 12. Be3 cxd4 13. Nxd4 Nc6 14. Rc1 e6 15. Qd2
Qe7 16. Nc2 Na5 17. Rb1 Rfc8 18. Ba7 Ra8 19. Bb6 Nc6 20. a5 Be8 21. Rbd1 Bf8
22. f4 Rab8 23. Ne3 Nd7 24. Na4 Nxb6 25. Nxb6 Rd8 26. h4 Bg7 27. Nc2 d5 28.
cxd5 Qc5+ 29. Kh2 Nxa5 30. b4 Qxb6 31. bxa5 Qb2 32. Nd4 Qxd2 33. Rxd2 Rbc8 34.
Rfd1 Ba4 35. Rb1 Rc4 36. Ne2 exd5 37. e5 Bc6 38. Nd4 Bf8 39. Bf1 Rc5 40. Rb6
Rc1 41. Bxa6 Bc5 42. Bxb7 Bxb6 43. Nxc6 Rd7 44. axb6 Rxb7 45. Nb4 d4 46. Nd5
Rc4 47. Kg2 Kg7 48. Kf3 Rd7 49. Rb2 Rc8 50. Nf6 Rb7 51. Ke4 Rd8 52. Kd3 h6 53.
Rb5 g5 54. h5 Ra8 55. Kxd4 Ra3 56. Ne4 Rb8 57. b7 gxf4 58. gxf4 Rf3 59. Kd5
Rxf4 60. Nf6 Rd8+ 61. Kc5 Rf1 62. Nd7 Rc1+ 63. Kb6 Rd1 64. Nf6 Rf1 65. Kc7 Rh8
66. b8=Q Rxb8 67. Kxb8 1-0

[Event "Oberliga Ost B 2016 2017"]
[Site "Germany"]
[Date "2017.02.18"]
[Round "6.5"]
[White "Foermes, Alexander"]
[Black "Lutz, Klaus Juergen"]
[Result "1-0"]
[WhiteElo "2079"]
[BlackElo "2277"]
[PlyCount "73"]
[EventDate "2016.10.16"]
[EventType "team-tourn"]
[EventCountry "GER"]
[WhiteTeam "Marburg SK"]
[BlackTeam "Neuberg SF"]
[WhiteTeamCountry "GER"]
[BlackTeamCountry "GER"]

1. c4 d6 2. g3 e5 3. Bg2 Nc6 4. Nc3 f5 5. e3 Nf6 6. Nge2 Be7 7. O-O O-O 8. d3
Be6 9. Nd5 Qd7 10. Nec3 Bd8 11. b4 a6 12. a4 Ne8 13. f4 Nb8 14. fxe5 dxe5 15.
d4 exd4 16. exd4 c6 17. Ne3 Bf6 18. Ne2 Nc7 19. Bb2 g6 20. Qc2 Qg7 21. Rad1 Rd8
22. Rd2 Bf7 23. Ng4 fxg4 24. Rxf6 Qxf6 25. d5 Qg5 26. Qc3 Kf8 27. Qg7+ Ke7 28.
Nf4 cxd5 29. Re2+ Kd6 30. Qxf7 Nd7 31. cxd5 Rf8 32. Qg7 Rae8 33. Ne6 Qf5 34.
Be5+ Qxe5 35. Rxe5 Rg8 36. Qf7 g5 37. Re2 1-0

[Event "Oberliga Ost B 2016 2017"]
[Site "Germany"]
[Date "2017.02.18"]
[Round "6.7"]
[White "Neidhardt, Helge"]
[Black "Heck, Norbert"]
[Result "1/2-1/2"]
[WhiteElo "2040"]
[BlackElo "2242"]
[PlyCount "40"]
[EventDate "2016.10.16"]
[EventType "team-tourn"]
[EventCountry "GER"]
[WhiteTeam "Marburg SK"]
[BlackTeam "Neuberg SF"]
[WhiteTeamCountry "GER"]
[BlackTeamCountry "GER"]

1. d4 Nf6 2. Nf3 g6 3. c4 Bg7 4. Nc3 O-O 5. e4 d6 6. Be2 e5 7. Be3 exd4 8. Nxd4
Re8 9. f3 Nc6 10. Qd2 Bd7 11. O-O Nh5 12. Nxc6 bxc6 13. c5 Qe7 14. cxd6 cxd6
15. Rad1 d5 16. Rfe1 Nf6 17. Bg5 Qc5+ 18. Be3 Qe7 19. Bg5 Qc5+ 20. Be3 Qe7
1/2-1/2

[Event "Oberliga Ost B 2016 2017"]
[Site "Germany"]
[Date "2017.02.18"]
[Round "6.8"]
[White "Knickel, Aaron"]
[Black "Hein, Lennart"]
[Result "1-0"]
[WhiteElo "2159"]
[BlackElo "1921"]
[PlyCount "147"]
[EventDate "2016.10.16"]
[EventType "team-tourn"]
[EventCountry "GER"]
[WhiteTeam "Neuberg SF"]
[BlackTeam "Marburg SK"]
[WhiteTeamCountry "GER"]
[BlackTeamCountry "GER"]

1. c4 e5 2. Nc3 Nf6 3. g3 Nc6 4. Bg2 Bb4 5. d3 O-O 6. Bd2 Re8 7. Nf3 d6 8. O-O
Bg4 9. h3 Be6 10. a3 Bxc3 11. Bxc3 h6 12. Rc1 a5 13. b3 Qd7 14. Kh2 Bf5 15. e4
Bh7 16. Re1 Nd8 17. b4 axb4 18. axb4 Ra3 19. Bb2 Ra4 20. Qb3 Ne6 21. Ra1 Rea8
22. Rxa4 Rxa4 23. Ra1 Rxa1 24. Bxa1 b6 25. Qa2 Qc8 26. Qa7 Nd7 27. h4 Nb8 28.
Bh3 Nc6 29. Qa4 Ne7 30. c5 bxc5 31. Bxe6 fxe6 32. bxc5 Bg6 33. Qb3 Kh7 34. Bb2
Nc6 35. Kg2 Bh5 36. Nd2 Qd7 37. cxd6 cxd6 38. Nc4 Nd4 39. Bxd4 exd4 40. Qb6 d5
41. Ne5 Qc8 42. Qxd4 dxe4 43. Qxe4+ Kg8 44. g4 Be8 45. g5 hxg5 46. hxg5 Qd8 47.
Qf4 Qe7 48. d4 Qd8 49. Kg1 Qe7 50. Qg4 Kf8 51. Qf4+ Kg8 52. g6 Qf6 53. Qg4 Kf8
54. Qh5 Ke7 55. Qg4 Kf8 56. Kf1 Ke7 57. Qe4 Kf8 58. Qa8 Qe7 59. Qb8 Qh4 60.
Qd6+ Qe7 61. Qb6 Qh4 62. Qc5+ Qe7 63. Ke2 Qxc5 64. dxc5 Ke7 65. Ke3 Bb5 66. Kd4
Kf6 67. c6 Ba6 68. c7 Bc8 69. Nc6 Bb7 70. Na7 Kxg6 71. c8=Q Bxc8 72. Nxc8 Kf5
73. Ke3 g5 74. Kf3 1-0

[Event "Oberliga Ost B 2016 2017"]
[Site "Germany"]
[Date "2017.02.19"]
[Round "7.1"]
[White "Teske, Henrik"]
[Black "Rafiee, Makan"]
[Result "1/2-1/2"]
[WhiteElo "2487"]
[BlackElo "2318"]
[PlyCount "48"]
[EventDate "2016.10.16"]
[EventType "team-tourn"]
[EventCountry "GER"]
[WhiteTeam "Erfurt SV Empor"]
[BlackTeam "Kasseler SK"]
[WhiteTeamCountry "GER"]
[BlackTeamCountry "GER"]

1. Nf3 Nf6 2. d4 e6 3. g3 d5 4. Bg2 Be7 5. c4 O-O 6. O-O dxc4 7. Na3 Bxa3 8.
bxa3 Nc6 9. Rb1 Rb8 10. Qc2 b5 11. Rd1 a6 12. a4 Nd5 13. a3 bxa4 14. Rxb8 Nxb8
15. Qxc4 Bd7 16. e4 Bb5 17. Qc2 Nb6 18. d5 exd5 19. exd5 h6 20. Bf4 Nxd5 21.
Ne5 c6 22. Nxc6 Nxc6 23. Bxd5 Qf6 24. Bxc6 Qxc6 1/2-1/2

[Event "Oberliga Ost B 2016 2017"]
[Site "Germany"]
[Date "2017.02.19"]
[Round "7.2"]
[White "Hahn, Markus"]
[Black "Langheinrich, Ferenc"]
[Result "1/2-1/2"]
[WhiteElo "2333"]
[BlackElo "2381"]
[PlyCount "27"]
[EventDate "2016.10.16"]
[EventType "team-tourn"]
[EventCountry "GER"]
[WhiteTeam "Kasseler SK"]
[BlackTeam "Erfurt SV Empor"]
[WhiteTeamCountry "GER"]
[BlackTeamCountry "GER"]

1. d4 Nf6 2. c4 e6 3. g3 c5 4. d5 exd5 5. cxd5 d6 6. Nc3 g6 7. Nf3 Bg7 8. Bg2
O-O 9. O-O Re8 10. Nd2 Nbd7 11. h3 a6 12. a4 Rb8 13. Nc4 Ne5 14. Na3 1/2-1/2

[Event "Oberliga Ost B 2016 2017"]
[Site "Germany"]
[Date "2017.02.19"]
[Round "7.3"]
[White "Friedrich, Wiede"]
[Black "Humburg, Philipp"]
[Result "0-1"]
[WhiteElo "2302"]
[BlackElo "2212"]
[PlyCount "76"]
[EventDate "2016.10.16"]
[EventType "team-tourn"]
[EventCountry "GER"]
[WhiteTeam "Erfurt SV Empor"]
[BlackTeam "Kasseler SK"]
[WhiteTeamCountry "GER"]
[BlackTeamCountry "GER"]

1. c4 g6 2. d4 Nf6 3. g3 Bg7 4. Bg2 O-O 5. Nc3 d6 6. Nf3 Nc6 7. d5 Na5 8. Qd3
c5 9. O-O a6 10. Bf4 Rb8 11. a4 Nh5 12. Nd2 Nxf4 13. gxf4 Bd7 14. Rfe1 b5 15.
axb5 axb5 16. cxb5 Qb6 17. Qe4 Bxb5 18. Nxb5 Qxb5 19. Qxe7 Qxb2 20. Ne4 Nc4 21.
Rac1 Rb7 22. Qh4 Rb4 23. Qe7 Rb7 24. Qg5 h6 25. Qg3 Rb4 26. f5 gxf5 27. Nxd6
Nxd6 28. Qxd6 Rg4 29. Qxc5 Qf6 30. Kh1 Qg5 31. Bf3 Be5 32. Bxg4 Qf4 33. Kg2
Qxh2+ 34. Kf3 Qf4+ 35. Kg2 Qxg4+ 36. Kh1 Qh3+ 37. Kg1 Qh2+ 38. Kf1 Qh1# 0-1

[Event "Oberliga Ost B 2016 2017"]
[Site "Germany"]
[Date "2017.02.19"]
[Round "7.4"]
[White "Kersten, Uwe"]
[Black "Michalowski, Peter"]
[Result "1/2-1/2"]
[WhiteElo "2253"]
[BlackElo "2058"]
[PlyCount "75"]
[EventDate "2016.10.16"]
[EventType "team-tourn"]
[EventCountry "GER"]
[WhiteTeam "Kasseler SK"]
[BlackTeam "Erfurt SV Empor"]
[WhiteTeamCountry "GER"]
[BlackTeamCountry "GER"]

1. Nf3 Nf6 2. c4 e6 3. g3 d5 4. Bg2 Be7 5. O-O O-O 6. d4 dxc4 7. Qc2 a6 8. Qxc4
b5 9. Qc2 Bb7 10. Bg5 Nbd7 11. Bxf6 Nxf6 12. Nbd2 Rc8 13. Nb3 Be4 14. Qc3 Nd5
15. Qd2 c5 16. Nxc5 Bxc5 17. dxc5 Rxc5 18. Rfc1 Rxc1+ 19. Rxc1 Qa8 20. Qd4 Nf6
21. Qc5 h6 22. Ne1 Bxg2 23. Nxg2 Rd8 24. Ne3 Rd2 25. Qc8+ Qxc8 26. Rxc8+ Kh7
27. Rc2 Rxc2 28. Nxc2 Ne4 29. f3 Nc5 30. Kf2 Kg6 31. Ke3 e5 32. b3 f5 33. Kd2
f4 34. Kc3 fxg3 35. hxg3 Kf6 36. Kb4 Nb7 37. Ne3 Ke6 38. Kc3 1/2-1/2

[Event "Oberliga Ost B 2016 2017"]
[Site "Germany"]
[Date "2017.02.19"]
[Round "7.5"]
[White "Weishaeutel, Moritz"]
[Black "Kearns, Christopher"]
[Result "0-1"]
[WhiteElo "1879"]
[BlackElo "2180"]
[PlyCount "88"]
[EventDate "2016.10.16"]
[EventType "team-tourn"]
[EventCountry "GER"]
[WhiteTeam "Erfurt SV Empor"]
[BlackTeam "Kasseler SK"]
[WhiteTeamCountry "GER"]
[BlackTeamCountry "GER"]

1. e4 c5 2. Nf3 e6 3. d4 cxd4 4. Nxd4 Nf6 5. Nc3 Nc6 6. Ndb5 Bc5 7. Bf4 O-O 8.
Bc7 Qe7 9. Bd6 Bxd6 10. Qxd6 Qd8 11. Nc7 Rb8 12. Bb5 Nd4 13. O-O-O Nxb5 14.
N7xb5 Ra8 15. Nc7 Ne8 16. Nxe8 Rxe8 17. Kb1 a6 18. Na4 b5 19. Nc5 Ra7 20. Rd2
a5 21. Qb8 Qg5 22. Qxa7 Qxd2 23. Nd3 d5 24. e5 Qg5 25. g3 Qd8 26. Qc5 b4 27.
Nc1 Bd7 28. f4 Qa8 29. Nb3 a4 30. Nd4 Qb8 31. Re1 h6 32. f5 exf5 33. Qxd5 Be6
34. Qc5 b3 35. axb3 axb3 36. cxb3 Bxb3 37. Nxf5 Qa8 38. Qa3 Qf3 39. Nd4 Qd3+
40. Ka1 Qd2 41. Rf1 Qxd4 42. Qxb3 Ra8+ 43. Kb1 Qe4+ 44. Kc1 Ra1+ 0-1

[Event "Oberliga Ost B 2016 2017"]
[Site "Germany"]
[Date "2017.02.19"]
[Round "7.6"]
[White "Aslan, Benjamin"]
[Black "Schmuck, Helmut"]
[Result "1-0"]
[WhiteElo "2170"]
[BlackElo "2143"]
[PlyCount "71"]
[EventDate "2016.10.16"]
[EventType "team-tourn"]
[EventCountry "GER"]
[WhiteTeam "Kasseler SK"]
[BlackTeam "Erfurt SV Empor"]
[WhiteTeamCountry "GER"]
[BlackTeamCountry "GER"]

1. d4 Nf6 2. Nf3 e6 3. c4 Bb4+ 4. Bd2 Be7 5. g3 d5 6. Bg2 c6 7. O-O O-O 8. Na3
Nbd7 9. Rc1 Ne4 10. Be1 f5 11. Nc2 dxc4 12. Ne3 b5 13. b3 Ba3 14. Rc2 cxb3 15.
axb3 c5 16. Qa1 Bb4 17. Bxb4 cxb4 18. d5 Nb6 19. dxe6 Bxe6 20. Nd4 Qe8 21. Rc7
Rf7 22. Rfc1 g6 23. g4 Rd8 24. gxf5 Bxf5 25. Ndxf5 gxf5 26. Nxf5 Rxc7 27. Nh6+
Kf8 28. Qh8+ Ke7 29. Qxh7+ Kf6 30. Ng4+ Kg5 31. Qh6+ Kf5 32. Ne3+ Ke5 33. Rxc7
Nd5 34. Qg7+ Kd6 35. Nf5+ Ke6 36. Nd4+ 1-0

[Event "Oberliga Ost B 2016 2017"]
[Site "Germany"]
[Date "2017.02.19"]
[Round "7.7"]
[White "Rudnizki, Sergej"]
[Black "Warnecke, Tobias"]
[Result "1/2-1/2"]
[WhiteElo "2148"]
[BlackElo "2146"]
[PlyCount "27"]
[EventDate "2016.10.16"]
[EventType "team-tourn"]
[EventCountry "GER"]
[WhiteTeam "Erfurt SV Empor"]
[BlackTeam "Kasseler SK"]
[WhiteTeamCountry "GER"]
[BlackTeamCountry "GER"]

1. e4 c5 2. Nf3 Nc6 3. d4 cxd4 4. Nxd4 g6 5. c4 Bg7 6. Be3 Nf6 7. Nc3 Nxd4 8.
Bxd4 O-O 9. Be2 d6 10. O-O Bd7 11. f4 Bc6 12. Bf3 g5 13. b3 Nd7 14. Bxg7
1/2-1/2

[Event "Oberliga Ost B 2016 2017"]
[Site "Germany"]
[Date "2017.02.19"]
[Round "7.8"]
[White "Luechtemeier, Peter"]
[Black "Pichl, Michael"]
[Result "1/2-1/2"]
[WhiteElo "2190"]
[BlackElo "2055"]
[PlyCount "83"]
[EventDate "2016.10.16"]
[EventType "team-tourn"]
[EventCountry "GER"]
[WhiteTeam "Kasseler SK"]
[BlackTeam "Erfurt SV Empor"]
[WhiteTeamCountry "GER"]
[BlackTeamCountry "GER"]

1. d4 g6 2. Nf3 Bg7 3. g3 d6 4. Bg2 a6 5. O-O Nc6 6. h3 Rb8 7. a4 e5 8. Bg5 f6
9. Be3 e4 10. Ne1 f5 11. c4 Nf6 12. Nc3 O-O 13. Nc2 Qe8 14. b4 Qf7 15. d5 Ne5
16. Na3 h6 17. Bd4 Nh5 18. Kh2 Bd7 19. Qd2 Rbe8 20. Rad1 g5 21. Qa2 Nf6 22. c5
Qh5 23. Nc4 Neg4+ 24. Kg1 f4 25. f3 exf3 26. exf3 Ne5 27. g4 Qf7 28. Nxe5 dxe5
29. Bf2 e4 30. Nxe4 Nxe4 31. fxe4 f3 32. Bg3 Rxe4 33. Rxf3 Rf4 34. Bxf4 gxf4
35. Rff1 h5 36. Bf3 hxg4 37. hxg4 Re8 38. Rfe1 Re3 39. Rxe3 fxe3 40. Qe2 Qf4
41. Rd3 Bd4 42. Kg2 1/2-1/2

[Event "Oberliga Ost B 2016 2017"]
[Site "Germany"]
[Date "2017.02.19"]
[Round "7.1"]
[White "Wehner, Janis"]
[Black "Strache, Michael"]
[Result "1/2-1/2"]
[WhiteElo "2210"]
[BlackElo "2310"]
[PlyCount "77"]
[EventDate "2016.10.16"]
[EventType "team-tourn"]
[EventCountry "GER"]
[WhiteTeam "Erfurt SV Medizin"]
[BlackTeam "Sangerhausen SV"]
[WhiteTeamCountry "GER"]
[BlackTeamCountry "GER"]

1. c4 Nf6 2. d4 c5 3. d5 e6 4. Nc3 exd5 5. cxd5 d6 6. e4 g6 7. Nge2 Bg7 8. Ng3
h5 9. Be2 h4 10. Nf1 a6 11. a4 h3 12. g4 Nbd7 13. Ng3 Rb8 14. g5 Nh7 15. f4 Qc7
16. O-O c4 17. e5 dxe5 18. f5 O-O 19. Nce4 b5 20. f6 Bh8 21. Be3 bxa4 22. Qxa4
Nb6 23. Qa5 Rd8 24. Rfd1 Na8 25. Qxc7 Nxc7 26. Bxc4 Rxb2 27. Ra2 Rb4 28. Rc1
Bb7 29. d6 Ne6 30. Bd2 Rxc4 31. Rxc4 Bd5 32. Rca4 Bxa2 33. Rxa2 Nexg5 34. Bxg5
Nxg5 35. Nxg5 Rxd6 36. N3e4 Rc6 37. Rf2 a5 38. Nxh3 a4 39. Ra2 1/2-1/2

[Event "Oberliga Ost B 2016 2017"]
[Site "Germany"]
[Date "2017.02.19"]
[Round "7.2"]
[White "Heyder, Florian"]
[Black "Nguyen, Huy Dat"]
[Result "1/2-1/2"]
[WhiteElo "2161"]
[BlackElo "2174"]
[PlyCount "54"]
[EventDate "2016.10.16"]
[EventType "team-tourn"]
[EventCountry "GER"]
[WhiteTeam "Sangerhausen SV"]
[BlackTeam "Erfurt SV Medizin"]
[WhiteTeamCountry "GER"]
[BlackTeamCountry "GER"]

1. d4 Nf6 2. e3 e6 3. f4 Be7 4. Nf3 b6 5. Be2 Ba6 6. O-O Bxe2 7. Qxe2 O-O 8. b3
c5 9. c3 Nc6 10. Bb2 Rc8 11. Nbd2 cxd4 12. exd4 Nd5 13. g3 Nb8 14. Rac1 d6 15.
f5 exf5 16. Qb5 Nf6 17. Qxf5 Qd7 18. Qd3 Rfe8 19. d5 Qc7 20. c4 Nbd7 21. Qf5
Bf8 22. Ng5 h6 23. Ngf3 g6 24. Qc2 Nxd5 25. Ne4 Bg7 26. Bxg7 Kxg7 27. Qd3 N7f6
1/2-1/2

[Event "Oberliga Ost B 2016 2017"]
[Site "Germany"]
[Date "2017.02.19"]
[Round "7.4"]
[White "Richter, Dustin"]
[Black "Reichel, Norbert"]
[Result "1/2-1/2"]
[WhiteElo "2130"]
[BlackElo "2131"]
[PlyCount "56"]
[EventDate "2016.10.16"]
[EventType "team-tourn"]
[EventCountry "GER"]
[WhiteTeam "Sangerhausen SV"]
[BlackTeam "Erfurt SV Medizin"]
[WhiteTeamCountry "GER"]
[BlackTeamCountry "GER"]

1. Nf3 Nf6 2. g3 g6 3. Bg2 Bg7 4. O-O O-O 5. d3 d6 6. Nbd2 c6 7. c4 Nbd7 8. Rb1
a5 9. Qc2 e5 10. b3 Re8 11. a3 Nf8 12. b4 axb4 13. axb4 Ne6 14. e3 Nc7 15. Bb2
Bf5 16. Rfd1 Qe7 17. Qb3 Nd7 18. Rbc1 Bg4 19. h3 Bxf3 20. Bxf3 f5 21. c5+ d5
22. e4 Qf7 23. exd5 Nxd5 24. Nc4 Nc7 25. Qc2 Nb5 26. Re1 Ra2 27. Qb1 Ra4 28.
Bc3 Re7 1/2-1/2

[Event "Oberliga Ost B 2016 2017"]
[Site "Germany"]
[Date "2017.02.19"]
[Round "7.5"]
[White "Mueller Ludwig, Kristin"]
[Black "Hellwig, Tobias"]
[Result "1/2-1/2"]
[WhiteElo "2078"]
[BlackElo "2182"]
[PlyCount "83"]
[EventDate "2016.10.16"]
[EventType "team-tourn"]
[EventCountry "GER"]
[WhiteTeam "Erfurt SV Medizin"]
[BlackTeam "Sangerhausen SV"]
[WhiteTeamCountry "GER"]
[BlackTeamCountry "GER"]

1. e4 Nf6 2. e5 Nd5 3. d4 d6 4. c4 Nb6 5. exd6 exd6 6. Nc3 Nc6 7. Be3 Be7 8.
Nf3 Bg4 9. h3 Bh5 10. g4 Bg6 11. d5 Ne5 12. Nd4 O-O 13. b3 c5 14. dxc6 Nxc6 15.
Bg2 d5 16. Nxd5 Nxd5 17. Bxd5 Bb4+ 18. Kf1 Bc3 19. Nxc6 bxc6 20. Bxc6 Bxa1 21.
Qxa1 Qd3+ 22. Kg2 Be4+ 23. Bxe4 Qxe4+ 24. Kh2 f5 25. Qd4 Qxd4 26. Bxd4 fxg4 27.
Rg1 Rfd8 28. Rxg4 Rd7 29. c5 Re8 30. Be3 Re6 31. b4 Ra6 32. b5 Rxa2 33. c6 Rc7
34. Rd4 Kf7 35. Rd8 Ke6 36. Kg2 Rf7 37. Rb8 Rb2 38. Kf1 Kd5 39. Rd8+ Ke6 40.
Rb8 Kd5 41. Rd8+ Ke6 42. Rb8 1/2-1/2

[Event "Oberliga Ost B 2016 2017"]
[Site "Germany"]
[Date "2017.02.19"]
[Round "7.6"]
[White "Hillmann, Michael"]
[Black "Jakob, Matthias"]
[Result "1/2-1/2"]
[WhiteElo "2162"]
[BlackElo "2068"]
[PlyCount "81"]
[EventDate "2016.10.16"]
[EventType "team-tourn"]
[EventCountry "GER"]
[WhiteTeam "Sangerhausen SV"]
[BlackTeam "Erfurt SV Medizin"]
[WhiteTeamCountry "GER"]
[BlackTeamCountry "GER"]

1. d4 Nc6 2. Nf3 d6 3. Bf4 Bg4 4. Nbd2 Nf6 5. c3 Nh5 6. Be3 Nf6 7. h3 Bd7 8.
Bf4 e6 9. e4 Be7 10. Bd3 h6 11. Qe2 a5 12. O-O g5 13. Bg3 g4 14. hxg4 Nxg4 15.
d5 Nce5 16. Nxe5 Nxe5 17. Bxe5 dxe5 18. Nc4 f6 19. Qh5+ Kf8 20. f4 Be8 21. Qf3
exf4 22. Qxf4 exd5 23. Ne3 dxe4 24. Bxe4 Qd6 25. Nd5 Qxf4 26. Rxf4 Bc5+ 27. Kh1
Bd6 28. Rxf6+ Kg7 29. Raf1 Rd8 30. Ne3 Rf8 31. Rxf8 Bxf8 32. Nf5+ Kh8 33. Nd4
Bg7 34. Bxb7 Rb8 35. Bd5 Rxb2 36. Ne6 c6 37. Bc4 Rc2 38. Nxg7 Kxg7 39. Rf3 Bg6
40. Re3 Bf5 41. Kh2 1/2-1/2

[Event "Oberliga Ost B 2016 2017"]
[Site "Germany"]
[Date "2017.02.19"]
[Round "7.7"]
[White "Zeuner, Ulrich"]
[Black "Buerckner, Georg"]
[Result "1-0"]
[WhiteElo "2073"]
[BlackElo "2052"]
[PlyCount "107"]
[EventDate "2016.10.16"]
[EventType "team-tourn"]
[EventCountry "GER"]
[WhiteTeam "Erfurt SV Medizin"]
[BlackTeam "Sangerhausen SV"]
[WhiteTeamCountry "GER"]
[BlackTeamCountry "GER"]

1. e4 e5 2. c4 Nf6 3. Nc3 d6 4. Nf3 Be7 5. g3 Bg4 6. h3 Bh5 7. Bg2 Nc6 8. d3
Qd7 9. Be3 O-O 10. g4 Bg6 11. Nh4 Rfe8 12. Ne2 Kh8 13. Ng3 Nd8 14. g5 Ng8 15.
Nxg6+ fxg6 16. h4 Nf7 17. Bh3 Qd8 18. Be6 Rf8 19. Bxf7 Rxf7 20. h5 gxh5 21. g6
hxg6 22. Nxh5 Bg5 23. Nf6+ Bh6 24. Ng4 Qd7 25. Qe2 Nf6 26. Nxh6 gxh6 27. Rxh6+
Kg7 28. Rh4 Rh8 29. Rxh8 Kxh8 30. O-O-O Rh7 31. Rg1 Kg7 32. f4 exf4 33. Bxf4
Qe6 34. Qg2 Nd7 35. b3 Ne5 36. Bxe5+ dxe5 37. Rh1 Rxh1+ 38. Qxh1 Qg4 39. Kd2
Qf4+ 40. Kc3 Qe3 41. Qh4 g5 42. Qg4 a5 43. Qd7+ Kf6 44. Qf5+ Kg7 45. Qxe5+ Kh6
46. Qxc7 g4 47. Qd6+ Kh5 48. Qh2+ Qh3 49. Qe5+ Kh4 50. Qf4 Qf3 51. Qh6+ Kg3 52.
e5 Qe2 53. Kd4 Kf2 54. Qh2+ 1-0

[Event "Oberliga Ost B 2016 2017"]
[Site "Germany"]
[Date "2017.02.19"]
[Round "7.8"]
[White "Korte, Mario"]
[Black "Nguyen, Ha Thanh"]
[Result "1-0"]
[WhiteElo "1979"]
[BlackElo "1704"]
[PlyCount "117"]
[EventDate "2016.10.16"]
[EventType "team-tourn"]
[EventCountry "GER"]
[WhiteTeam "Sangerhausen SV"]
[BlackTeam "Erfurt SV Medizin"]
[WhiteTeamCountry "GER"]
[BlackTeamCountry "GER"]

1. e4 c5 2. Nf3 Nc6 3. d4 cxd4 4. Nxd4 g6 5. Nc3 Bg7 6. Be3 Nf6 7. Nxc6 bxc6 8.
e5 Ng8 9. Bd4 Nh6 10. e6 O-O 11. Bxg7 Kxg7 12. exd7 Qxd7 13. Qxd7 Bxd7 14.
O-O-O Be6 15. f3 Nf5 16. Bd3 Nd6 17. Rhe1 Rfd8 18. Na4 Kf8 19. b3 Bf5 20. Ba6
Rab8 21. Nc5 Bc8 22. Bf1 Bf5 23. g4 Bd7 24. Rd2 Be8 25. Ba6 h6 26. Red1 Rb6 27.
Be2 Rc8 28. c4 Kg7 29. Ne6+ fxe6 30. c5 Ne4 31. fxe4 Rb4 32. Bc4 e5 33. Rf1
Rbb8 34. Rdf2 e6 35. Bxe6 Rc7 36. Rf8 Kh7 37. Bg8+ Kg7 38. Bc4 Kh7 39. h4 Re7
40. Rg8 Rg7 41. Rgf8 Re7 42. g5 h5 43. R1f6 Rbb7 44. Rd6 Rb8 45. Kd2 Rc8 46.
Ke3 Kg7 47. Rdf6 Kh7 48. Bf7 Rd8 49. Rxe8 Rdxe8 50. Bxg6+ Kg7 51. Bxe8 Rxe8 52.
Rxc6 Re7 53. b4 Kf7 54. b5 Rd7 55. Rd6 Rc7 56. c6 Ke7 57. Rd7+ Rxd7 58. cxd7
Kxd7 59. a4 1-0

[Event "Oberliga Ost B 2016 2017"]
[Site "Germany"]
[Date "2017.02.19"]
[Round "7.1"]
[White "De Visser, Leon"]
[Black "Alber, Horst"]
[Result "1-0"]
[WhiteElo "2258"]
[BlackElo "2318"]
[PlyCount "71"]
[EventDate "2016.10.16"]
[EventType "team-tourn"]
[EventCountry "GER"]
[WhiteTeam "Frankfurt SC Brett vorm Kopp"]
[BlackTeam "Marburg SK"]
[WhiteTeamCountry "GER"]
[BlackTeamCountry "GER"]

1. c4 Nf6 2. g3 g6 3. Bg2 Bg7 4. Nc3 O-O 5. d3 c6 6. e4 Na6 7. Nge2 Nc7 8. O-O
d6 9. Rb1 Bd7 10. h3 b5 11. cxb5 cxb5 12. b4 Rb8 13. Be3 a6 14. d4 d5 15. e5
Ne4 16. Nxe4 dxe4 17. Nc3 Be6 18. Rb2 Nd5 19. Nxe4 Nxe3 20. fxe3 Bc4 21. Re1 f6
22. exf6 exf6 23. Nc5 Qd6 24. Qf3 Bh6 25. Kf2 Rb6 26. Rd1 f5 27. Nd3 g5 28. Kg1
Bg7 29. Nc5 Rbb8 30. Rf2 Rbe8 31. d5 Be5 32. Qh5 Bxg3 33. Rxf5 Rxf5 34. Qxe8+
Kg7 35. Ne4 Rxd5 36. Rxd5 1-0

[Event "Oberliga Ost B 2016 2017"]
[Site "Germany"]
[Date "2017.02.19"]
[Round "7.2"]
[White "Henrich, Thomas"]
[Black "Holvason, Juri"]
[Result "1-0"]
[WhiteElo "2212"]
[BlackElo "2231"]
[PlyCount "101"]
[EventDate "2016.10.16"]
[EventType "team-tourn"]
[EventCountry "GER"]
[WhiteTeam "Marburg SK"]
[BlackTeam "Frankfurt SC Brett vorm Kopp"]
[WhiteTeamCountry "GER"]
[BlackTeamCountry "GER"]

1. d4 Nf6 2. c4 d6 3. Nc3 Nbd7 4. e4 e5 5. d5 Be7 6. g3 O-O 7. Bg2 c6 8. dxc6
bxc6 9. Nge2 Bb7 10. O-O Nb6 11. b3 d5 12. exd5 cxd5 13. Bg5 e4 14. cxd5 Nbxd5
15. Rc1 h6 16. Nxd5 Nxd5 17. Bxe7 Qxe7 18. Nd4 Rad8 19. Qg4 Rfe8 20. Nf5 Qg5
21. Qxg5 hxg5 22. Rfd1 g6 23. Ne3 Nxe3 24. fxe3 Rxd1+ 25. Rxd1 Re7 26. Bf1 Kg7
27. Bc4 Rc7 28. Kf2 Kf6 29. Ke2 Ke7 30. Rf1 f6 31. Kd2 Rc8 32. a4 Bc6 33. a5 f5
34. Kc3 Kf6 35. Kd4 Rd8+ 36. Kc5 Be8 37. Rf2 Ke5 38. a6 Rd1 39. Rc2 Rd6 40. Kb4
Rb6+ 41. Ka5 Rd6 42. Be2 Bc6 43. b4 f4 44. gxf4+ gxf4 45. exf4+ Kxf4 46. b5 Be8
47. Rc8 Rd2 48. Bc4 Rc2 49. b6 axb6+ 50. Kxb6 Rb2+ 51. Kc5 1-0

[Event "Oberliga Ost B 2016 2017"]
[Site "Germany"]
[Date "2017.02.19"]
[Round "7.3"]
[White "Koch, Markus"]
[Black "Rolle, Eric"]
[Result "0-1"]
[WhiteElo "2168"]
[BlackElo "2195"]
[PlyCount "42"]
[EventDate "2016.10.16"]
[EventType "team-tourn"]
[EventCountry "GER"]
[WhiteTeam "Frankfurt SC Brett vorm Kopp"]
[BlackTeam "Marburg SK"]
[WhiteTeamCountry "GER"]
[BlackTeamCountry "GER"]

1. d4 d5 2. c4 dxc4 3. e3 e5 4. Bxc4 exd4 5. Nf3 Bb4+ 6. Nbd2 Nc6 7. O-O Nf6 8.
Nxd4 Nxd4 9. exd4 O-O 10. Nf3 Bg4 11. a3 Ba5 12. d5 Ne4 13. Qd3 Re8 14. Nd4 Nd6
15. Ba2 Bh5 16. Qh3 Bg6 17. Be3 Qf6 18. Rfd1 Bb6 19. Qg3 Bh5 20. Rd3 Re4 21.
Bg5 Qg6 0-1

[Event "Oberliga Ost B 2016 2017"]
[Site "Germany"]
[Date "2017.02.19"]
[Round "7.4"]
[White "Duncker, Joachim"]
[Black "Wendel, Stephan"]
[Result "1-0"]
[WhiteElo "2269"]
[BlackElo "2273"]
[PlyCount "49"]
[EventDate "2016.10.16"]
[EventType "team-tourn"]
[EventCountry "GER"]
[WhiteTeam "Marburg SK"]
[BlackTeam "Frankfurt SC Brett vorm Kopp"]
[WhiteTeamCountry "GER"]
[BlackTeamCountry "GER"]

1. e4 c5 2. Nc3 Nc6 3. Bb5 Nd4 4. Bc4 a6 5. d3 b5 6. Bb3 e6 7. Nge2 Ne7 8. Nxd4
cxd4 9. Ne2 Nc6 10. O-O Be7 11. Kh1 O-O 12. f4 Bb7 13. Rf3 g6 14. Rh3 f5 15.
Ng3 Bh4 16. exf5 Bxg3 17. fxe6 dxe6 18. Bxe6+ Kh8 19. hxg3 Ne7 20. Qg4 Qc7 21.
f5 Nxf5 22. Bf4 Qxc2 23. Rg1 Qxd3 24. Qxg6 Nxg3+ 25. Qxg3 1-0